La Movilización social como estrategia para prevenir la explotación sexual comercial de niños y niñas: construcción de una propuesta desde la Fundación PANIAMOR en Costa Rica /
Tallennettuna:
| Päätekijä: | |
|---|---|
| Aineistotyyppi: | Teksti |
| Tagit: |
Lisää tagi
Ei tageja, Lisää ensimmäinen tagi!
|
MARC
| LEADER | 00000 a a2200000 04500 | ||
|---|---|---|---|
| 001 | 13071 | ||
| 003 | |||
| 040 | |||
| 100 | |a Grillo R, Milena | ||
| 245 | |a La Movilización social como estrategia para prevenir la explotación sexual comercial de niños y niñas: |b construcción de una propuesta desde la Fundación PANIAMOR en Costa Rica / |c Milena Grillo R | ||
| 500 | |a Extracto del trabajo presentado en el Congreso Mundial sobre Explotación Comercial de Niños y Niñas, Estocolmo, Suecia, 1995 | ||
| 773 | |g volumen 3, 7:; páginas 17-31 | ||
| 999 | |c 23025 |d 23025 | ||
